000 00564nam a2200205Ia 4500
005 20230425134417.0
008 131103s9999 xx 000 0 und d
040 _aLoreto College
041 _aEnglish
082 _aTAG 891.443
_bTAG
100 _aTagore, Rabindranath
245 _aBinodini
_cRabindranath Tagore; translated by Krishna Kripalini
260 _aNew Delhi
_bSahitya Akademi
_c1968
300 _aviii,222p
650 _aBengali Literature
651 _aBengali Fiction
700 _aKripalini, Krishna,tr.
850 _aLCLIB
942 _cBK
999 _c16839
_d67318